The Army in India and its evolution: including an account of the establishment of the royal air force in India (Record no. 410571)

000 -LEADER
fixed length control field 00353cam a22000977a 4500
008 - FIXED-LENGTH DATA ELEMENTS--GENERAL INFORMATION
fixed length control field 180718b1924 xxu||||| |||| 00| 0 eng d
082 ## - DEWEY DECIMAL CLASSIFICATION NUMBER
Classification number N12x54 Ar59
245 ## - TITLE STATEMENT
Title The Army in India and its evolution: including an account of the establishment of the royal air force in India
260 ## - PUBLICATION, DISTRIBUTION, ETC.
Place of publication, distribution, etc. Calcutta
Name of publisher, distributor, etc. Superintendent Government Printing
Date of publication, distribution, etc. 1924
300 ## - PHYSICAL DESCRIPTION
Extent 253p.
Holdings
Withdrawn status Lost status Damaged status Not for loan Permanent Location Current Location Date acquired Full call number Barcode Date last seen Price effective from Koha item type
        Indian Institute of Public Administration Indian Institute of Public Administration 2009-01-20 N12x54 Ar59 17578 2018-07-21 2018-07-21 Book

Powered by Koha